LEADER 01119nam a2200301 i 4500 001 991002779069707536 005 20020503173305.0 008 000704s1958 ||| ||| | ||| 035 $ab10413108-39ule_inst 035 $aEXGIL109650$9ExL 040 $aBiblioteca Interfacoltà$bita 082 04$a195 100 1 $aDe Ruggiero, Guido$011779 245 13$aLa filosofia greca 260 $aBari :$bLaterza,$c1958 300 $a2 v. ;$c20 cm. 490 0 $aStoria della filosofia / Guido De Ruggiero;$v1 505 0$g1.1:$tDalle origini a Platone 505 0$g1.2:$tDa Aristotele al neo-platonismo 907 $a.b10413108$b21-02-17$c27-06-02 912 $a991002779069707536 945 $aLE002 195 DER C 02 945 $aLE002 Fil. V M 5/001$cv. 1.1$g1$i2002000494429$lle002$o-$pE0.00$q-$rl$s- $t0$u0$v0$w0$x0$y.i10481217$z27-06-02 945 $aLE002 195 DER C 02 945 $aLE002 Fil. V M 5/002$cv. 1.2$g1$i2002000519474$lle002$o-$pE0.00$q-$rl$s- $t0$u0$v0$w0$x0$y.i10481229$z27-06-02 996 $aFilosofia greca$9218248 997 $aUNISALENTO 998 $ale002$b01-01-00$cm$da $e-$feng$gxx $h3$i2 LEADER 01480nam0 22002891i 450 001 UON00165777 005 20231205103029.453 100 $a20030110d2002 |0itac50 ba 101 $aita 102 $aIT 105 $a||||9 ||||| 200 1 $aˆL'‰aquila e i Girasoli$eEpos lirico coreano in un prologo, tre atti e un epilogo (dal 'Diario di guerra' dell'Ammiraglio Yi Sunsin)$fTesto e musica di Nicolò Iucolano 205 $aRoma : Edizioni Musicali Domani Musica$b2002 210 $aXVII$d61 p. ; 24 cm 215 $aAl centro del front.: Prima rappresentazione: Asan (Corea del Sud), 19 settembre 1998 (titolo: L'Ammiraglio Yi Sunsin); Riscrittura del libretto, ampliamento e revisione della musica e della strumentazione: Roma 1999/2000; Arie scelte per Soprano, Mezzosoprano, Tenore, Baritono e Basso 517 1$3UON00370221$aˆI ‰Girasoli 606 $aMUSICA COREANA$3UONC000398$2FI 620 $aIT$dRoma$3UONL000004 686 $aCOR IX H$cCOREA - ARTI - MUSICA, TEATRO, CINEMA, DANZA$2A 700 1$aIUCOLANO$bNicolò$3UONV096873$0674734 712 $aEdizioni Musicali Domani Musica$3UONV265304$4650 801 $aIT$bSOL$c20240220$gRICA 899 $aSIBA - SISTEMA BIBLIOTECARIO DI ATENEO$2UONSI 912 $aUON00165777 950 $aSIBA - SISTEMA BIBLIOTECARIO DI ATENEO$dSI COR IX H 019 $eSI SA 107023 7 019 996 $aAquila e i Girasoli$91283184 997 $aUNIOR